[Event "27. Torneo San Viator 2016"]
[Site "Madrid ESP"]
[Date "2016.10.09"]
[Round "3.3"]
[White "Perez Calahorra, Ricardo"]
[Black "Afana, Adham Jj"]
[Result "1/2-1/2"]
[WhiteElo "2136"]
[BlackElo "2095"]
[PlyCount "157"]
[EventDate "2016.09.25"]
[EventType "swiss"]
[EventRounds "9"]
[EventCountry "ESP"]
[Source "lmi"]
[SourceDate "2016.09.25"]

1. e4 e6 2. d4 d5 3. Nd2 dxe4 4. Nxe4 Nd7 5. Nf3 Ngf6 6. Nxf6+ Nxf6 7. Bd3 c5
8. O-O cxd4 9. Nxd4 Bc5 10. Nf3 Qc7 11. Qe2 h6 12. Bd2 Bd7 13. b4 Bd6 14. c4
Bc6 15. g3 Ng4 16. c5 Be5 17. Rac1 Bf6 18. Rfe1 O-O 19. Be4 Rad8 20. Bf4 e5 21.
Nxe5 Bxe5 22. Qxg4 Bxf4 23. Qxf4 Qxf4 24. gxf4 Rd4 25. Bxc6 bxc6 26. Re7 Rxb4
27. Rxa7 Re8 28. Rc2 Rxf4 29. a4 Re1+ 30. Kg2 Ra1 31. a5 Rfa4 32. Ra8+ Kh7 33.
Rc8 Rg4+ 34. Kf3 Rg6 35. Ra8 Re1 36. Rc3 Rf6+ 37. Kg2 Rf5 38. a6 Ra1 39. a7 Ra2
40. Rf3 Rg5+ 41. Kf1 f6 42. Rc8 Rxa7 43. Rxc6 Ra5 44. Rc3 Rf5 45. Rc2 Re5 46.
Rc7 h5 47. c6 Rec5 48. Re2 Ra1+ 49. Kg2 Rg5+ 50. Kf3 Rc1 51. Ree7 h4 52. Re4
Rc3+ 53. Ke2 h3 54. Re3 Rc2+ 55. Kd3 Rxf2 56. Rxh3+ Kg6 57. Rd7 Rff5 58. c7 Rc5
59. Rh8 Rg1 60. Kd2 Rgc1 61. Rg8 R5c2+ 62. Ke3 Kf5 63. c8=Q Rxc8 64. Rxc8 Rxc8
65. Rxg7 Rh8 66. Rg2 Rh3+ 67. Ke2 Ra3 68. Rf2+ Ke5 69. Kf1 f5 70. Kg2 f4 71.
Rb2 Kf5 72. h3 Rg3+ 73. Kh2 Re3 74. Kg2 Rc3 75. Rb4 Rg3+ 76. Kh2 Kg5 77. Ra4
Re3 78. Kg2 Re2+ 79. Kf3 1/2-1/2

[Event "27. Torneo San Viator 2016"]
[Site "Madrid ESP"]
[Date "2016.10.09"]
[Round "3.4"]
[White "Unciti Juan, Javier"]
[Black "Cabanas Bravo, Juan Andres"]
[Result "1-0"]
[WhiteElo "2110"]
[BlackElo "2007"]
[PlyCount "47"]
[EventDate "2016.09.25"]
[EventType "swiss"]
[EventRounds "9"]
[EventCountry "ESP"]
[Source "lmi"]
[SourceDate "2016.09.25"]

1. d4 Nf6 2. Bg5 Ne4 3. Bf4 c5 4. e3 Qb6 5. Nc3 Nxc3 6. bxc3 Qb2 7. Ne2 e6 8.
g3 d5 9. Bg2 Nd7 10. O-O c4 11. a4 Qb6 12. e4 Nf6 13. exd5 Nxd5 14. a5 Qa6 15.
Bd2 Bd7 16. Bxd5 exd5 17. Nf4 Be6 18. Nxe6 fxe6 19. Qh5+ g6 20. Qe5 Rg8 21.
Rfe1 Bg7 22. Qxd5 Ke7 23. Bg5+ Bf6 24. Qc5+ 1-0

[Event "27. Torneo San Viator 2016"]
[Site "Madrid ESP"]
[Date "2016.10.09"]
[Round "3.5"]
[White "Del Noval Nemeshazi, Nesztor"]
[Black "Luque Ibanez, Manuel"]
[Result "1-0"]
[WhiteElo "1932"]
[BlackElo "1989"]
[PlyCount "59"]
[EventDate "2016.09.25"]
[EventType "swiss"]
[EventRounds "9"]
[EventCountry "ESP"]
[Source "lmi"]
[SourceDate "2016.09.25"]

1. e4 e5 2. Nf3 Nc6 3. Bc4 Bc5 4. c3 Nf6 5. d3 d6 6. O-O Bg4 7. Nbd2 Qd7 8. a4
a6 9. h3 Bh5 10. Re1 O-O 11. Nf1 Kh8 12. Ng3 Bg6 13. Nh4 d5 14. exd5 Nxd5 15.
a5 b5 16. axb6 Nxb6 17. Rxa6 Nxc4 18. Rxa8 Rxa8 19. Nxg6+ hxg6 20. dxc4 Qxd1
21. Rxd1 Ra1 22. b4 Be7 23. Kf1 Bg5 24. Ne2 e4 25. Ke1 Bf6 26. Bf4 Rxd1+ 27.
Kxd1 Ne5 28. c5 Kg8 29. b5 Nd3 30. c6 1-0

[Event "27. Torneo San Viator 2016"]
[Site "Madrid ESP"]
[Date "2016.10.09"]
[Round "3.6"]
[White "Sotoca Aguado, Jose"]
[Black "Luna Hermoso, Angel"]
[Result "1-0"]
[WhiteElo "1900"]
[BlackElo "1976"]
[PlyCount "105"]
[EventDate "2016.09.25"]
[EventType "swiss"]
[EventRounds "9"]
[EventCountry "ESP"]
[Source "lmi"]
[SourceDate "2016.09.25"]

1. d4 Nf6 2. Nf3 c5 3. c3 g6 4. g3 cxd4 5. cxd4 d5 6. Bg2 Bg7 7. O-O O-O 8. Qb3
Nc6 9. Nc3 Ne4 10. e3 Be6 11. Qa4 Nxc3 12. bxc3 Bd7 13. Qb3 e6 14. Ba3 Re8 15.
Nd2 Na5 16. Qb2 Qc7 17. Rac1 Rac8 18. Rfe1 Bh6 19. Bf1 b5 20. Bc5 Nb7 21. Ba3
Nd6 22. Bc5 Bf8 23. Ba3 Rb8 24. Bxd6 Bxd6 25. e4 Qa5 26. Nb3 Qa3 27. Qxa3 Bxa3
28. Rb1 Rec8 29. exd5 Rxc3 30. Bh3 Rb6 31. Rbd1 Rd6 32. dxe6 Bxe6 33. Bxe6 fxe6
34. Nc5 Bxc5 35. dxc5 Rd5 36. Rb1 Rdxc5 37. Rxe6 Rc1+ 38. Rxc1 Rxc1+ 39. Kg2
Rc2 40. Ra6 Rc7 41. Kf3 Kf7 42. Ke3 Ke7 43. f4 Kd7 44. g4 Kc8 45. f5 Kb7 46.
Rd6 Rc3+ 47. Kf4 Kc7 48. Ra6 Kb7 49. Re6 gxf5 50. gxf5 Rh3 51. Re2 Rh6 52. Ke3
Kc7 53. Rd2 1-0

[Event "27. Torneo San Viator 2016"]
[Site "Madrid ESP"]
[Date "2016.10.09"]
[Round "3.7"]
[White "Quintero Torres, Pedro"]
[Black "Lopez Nunez, Roberto"]
[Result "0-1"]
[WhiteElo "1958"]
[BlackElo "1775"]
[PlyCount "130"]
[EventDate "2016.09.25"]
[EventType "swiss"]
[EventRounds "9"]
[EventCountry "ESP"]
[Source "lmi"]
[SourceDate "2016.09.25"]

1. d4 Nf6 2. c4 c5 3. Nf3 cxd4 4. Nxd4 g6 5. Nc3 Bg7 6. g3 Nc6 7. Bg2 O-O 8.
O-O Qb6 9. Nc2 Ne5 10. b3 d6 11. Ne3 Re8 12. Na4 Qc7 13. Bb2 Bd7 14. Nc3 Qc8
15. Ncd5 Nxd5 16. cxd5 Bh3 17. Rc1 Qd7 18. Bxe5 Bxe5 19. Bxh3 Qxh3 20. Rc7 b5
21. Qd3 a6 22. Rfc1 f5 23. f4 Bb2 24. R1c6 Ba3 25. Nc2 Bc5+ 26. e3 h5 27. b4
Ba7 28. Qf1 Qg4 29. Kg2 h4 30. Qf3 h3+ 31. Kf2 a5 32. Qxg4 fxg4 33. bxa5 Bc5
34. a6 Kf7 35. Rb7 Reb8 36. Rxb8 Rxb8 37. Na1 Ke8 38. Nb3 Bb6 39. Ke2 Kd7 40.
Rc2 Ra8 41. Nd4 Bxd4 42. exd4 Rxa6 43. Ke3 Ra3+ 44. Ke4 e6 45. dxe6+ Kxe6 46.
d5+ Kd7 47. Rb2 Ra4+ 48. Kd3 Ra3+ 49. Ke4 Ke7 50. Rxb5 Rxa2 51. Rb7+ Kf8 52.
Rd7 Rxh2 53. Rxd6 Rh1 54. Rxg6 h2 55. Kf5 Rd1 56. Rh6 h1=Q 57. Rxh1 Rxh1 58.
Kxg4 Rd1 59. Kg5 Rxd5+ 60. f5 Kf7 61. Kg4 Rd4+ 62. Kh5 Kf6 63. g4 Rd1 64. Kh4
Rh1+ 65. Kg3 Kg5 0-1

[Event "27. Torneo San Viator 2016"]
[Site "Madrid ESP"]
[Date "2016.10.09"]
[Round "3.8"]
[White "Bustos Bernardo, Samuel"]
[Black "Rodriguez Romero, Martin"]
[Result "1-0"]
[WhiteElo "1991"]
[BlackElo "1666"]
[PlyCount "87"]
[EventDate "2016.09.25"]
[EventType "swiss"]
[EventRounds "9"]
[EventCountry "ESP"]
[Source "lmi"]
[SourceDate "2016.09.25"]

1. Nf3 Nf6 2. c4 g6 3. Nc3 Bg7 4. e4 d6 5. d4 O-O 6. Be2 e5 7. O-O Nc6 8. d5
Ne7 9. b4 Nh5 10. g3 f5 11. Ng5 Nf6 12. Bf3 h6 13. Ne6 Bxe6 14. dxe6 f4 15. Bb2
Nh7 16. c5 Ng5 17. Be2 Kh8 18. Bc4 dxc5 19. bxc5 c6 20. h4 Qxd1 21. Raxd1 Nf3+
22. Kh1 fxg3 23. fxg3 Nd4 24. Rf7 Rxf7 25. exf7 h5 26. Ne2 Nxe2 27. Bxe2 Bf6
28. Rd7 b5 29. cxb6 axb6 30. Bxe5 Kg7 31. Bxf6+ Kxf6 32. Bc4 b5 33. Bb3 Rf8 34.
e5+ Kxe5 35. Rxe7+ Kf6 36. Re8 Kg7 37. Kg2 c5 38. Rxf8 Kxf8 39. Kf3 c4 40. Bxc4
bxc4 41. a4 Kxf7 42. a5 c3 43. Ke3 Ke6 44. a6 1-0

[Event "27. Torneo San Viator 2016"]
[Site "Madrid ESP"]
[Date "2016.10.09"]
[Round "3.9"]
[White "Garcia Sanjuan, Jose"]
[Black "Angelina Vela, Carlos"]
[Result "0-1"]
[WhiteElo "1880"]
[BlackElo "2085"]
[PlyCount "108"]
[EventDate "2016.09.25"]
[EventType "swiss"]
[EventRounds "9"]
[EventCountry "ESP"]
[Source "lmi"]
[SourceDate "2016.09.25"]

1. Nf3 d5 2. b3 Nf6 3. Bb2 e6 4. e3 c5 5. h3 Bd6 6. g4 O-O 7. d3 Nc6 8. Nbd2 e5
9. e4 Be6 10. a4 Qa5 11. c3 Rad8 12. Qe2 d4 13. c4 Nb4 14. Rc1 a6 15. Bg2 b5
16. O-O bxa4 17. Ra1 Bd7 18. bxa4 Rb8 19. Nb3 Qb6 20. a5 Qc7 21. Ra3 Rb7 22.
Bc1 Rfb8 23. Ne1 Nc6 24. Qd1 Ne7 25. Nd2 Ng6 26. g5 Ne8 27. Ndf3 Rb1 28. Nd2
R1b7 29. Ndf3 Qc8 30. Kh2 Nc7 31. Rh1 Ne6 32. h4 Ngf4 33. Ng1 Rb1 34. Nef3 Nxg2
35. Kxg2 Nf4+ 36. Kg3 Bg4 37. Qc2 Bh5 38. Bxf4 Qg4+ 39. Kh2 Qxf4+ 40. Kg2 Bxf3+
41. Nxf3 Rxh1 42. Kxh1 Qxf3+ 43. Kh2 Qf4+ 44. Kh3 h5 45. gxh6 Be7 46. Rb3 Qf3+
47. Kh2 Rxb3 48. Qxb3 Qxf2+ 49. Kh3 Qxh4+ 50. Kg2 Qg4+ 51. Kh2 Bg5 52. Qb8+ Kh7
53. hxg7 Bf4+ 54. Kh1 Qh3+ 0-1

[Event "27. Torneo San Viator 2016"]
[Site "Madrid ESP"]
[Date "2016.10.09"]
[Round "3.10"]
[White "Gil Sierra, Jacinto"]
[Black "Perez Vazquez, Manuel"]
[Result "1-0"]
[WhiteElo "1976"]
[BlackElo "1861"]
[PlyCount "55"]
[EventDate "2016.09.25"]
[EventType "swiss"]
[EventRounds "9"]
[EventCountry "ESP"]
[Source "lmi"]
[SourceDate "2016.09.25"]

1. e4 Nf6 2. Nc3 d6 3. d4 g6 4. Nf3 Bg7 5. Bg5 O-O 6. Qd2 c6 7. O-O-O Bg4 8. h3
Bxf3 9. gxf3 Qc7 10. Bh6 e5 11. Bxg7 Kxg7 12. h4 Nh5 13. Ne2 Na6 14. Bh3 h6 15.
Rhg1 Rad8 16. Bg4 Nf6 17. h5 d5 18. hxg6 fxg6 19. Bf5 g5 20. dxe5 Nxe4 21. fxe4
dxe4 22. Nd4 Rxd4 23. Qxd4 Rxf5 24. e6+ Kg6 25. Rge1 Qa5 26. e7 Nc7 27. Qxe4
Qxa2 28. Rd6+ 1-0

[Event "27. Torneo San Viator 2016"]
[Site "Madrid ESP"]
[Date "2016.10.09"]
[Round "3.11"]
[White "Morera Rodriguez, Ignacio"]
[Black "Rodriguez Valero, Martin"]
[Result "1-0"]
[WhiteElo "1942"]
[BlackElo "1808"]
[PlyCount "73"]
[EventDate "2016.09.25"]
[EventType "swiss"]
[EventRounds "9"]
[EventCountry "ESP"]
[Source "lmi"]
[SourceDate "2016.09.25"]

1. d4 Nf6 2. Nf3 g6 3. c4 Bg7 4. Nc3 O-O 5. e4 d6 6. Be2 e5 7. O-O Nc6 8. d5
Ne7 9. b4 Nh5 10. g3 f5 11. Ng5 Nf6 12. Bf3 h6 13. Ne6 Bxe6 14. dxe6 c6 15. Bg2
fxe4 16. Nxe4 Nxe4 17. Bxe4 d5 18. cxd5 cxd5 19. Bg2 Qd6 20. Ba3 Rfd8 21. Qb3
b5 22. Rad1 Qxe6 23. Rfe1 Rac8 24. Bb2 Rc4 25. Bf1 Nc6 26. a3 d4 27. Rc1 d3 28.
Bxd3 Nd4 29. Bxd4 Rdxd4 30. Bxc4 bxc4 31. Qc2 e4 32. Re2 c3 33. Rce1 Qb6 34.
Qxc3 Kh7 35. Qc2 Rd3 36. Rxe4 Rxa3 37. Re6 1-0

[Event "27. Torneo San Viator 2016"]
[Site "Madrid ESP"]
[Date "2016.10.09"]
[Round "3.12"]
[White "Gonzalez-Ruano Perez, Cesar"]
[Black "Lizon Martinez, Santiago"]
[Result "1-0"]
[WhiteElo "1937"]
[BlackElo "1757"]
[PlyCount "59"]
[EventDate "2016.09.25"]
[EventType "swiss"]
[EventRounds "9"]
[EventCountry "ESP"]
[Source "lmi"]
[SourceDate "2016.09.25"]

1. e4 c5 2. Nc3 d6 3. f4 g6 4. Nf3 Bg7 5. Bb5+ Nd7 6. a4 a6 7. Bc4 e6 8. O-O
Ne7 9. d3 h6 10. Qe1 b6 11. f5 gxf5 12. Qg3 Be5 13. Nxe5 Nxe5 14. exf5 Nxf5 15.
Rxf5 exf5 16. Qg7 Kd7 17. Bf4 Nxc4 18. dxc4 Re8 19. Bxd6 Re6 20. Qxf7+ Kc6 21.
Bf4 Qd4+ 22. Kh1 Qxf4 23. Nd5 Qe5 24. Rf1 Rb8 25. b4 Rb7 26. b5+ Kd6 27. Qf8+
Kd7 28. Rxf5 Qe1+ 29. Rf1 Qe5 30. Rf7+ 1-0

[Event "27. Torneo San Viator 2016"]
[Site "Madrid ESP"]
[Date "2016.10.09"]
[Round "3.13"]
[White "Rodriguez Bittar, Karim Javier"]
[Black "Campos Diaz, Fernando"]
[Result "1-0"]
[WhiteElo "1936"]
[BlackElo "1663"]
[PlyCount "99"]
[EventDate "2016.09.25"]
[EventType "swiss"]
[EventRounds "9"]
[EventCountry "ESP"]
[Source "lmi"]
[SourceDate "2016.09.25"]

1. e4 c5 2. Nc3 d6 3. g3 g6 4. Bg2 Bg7 5. Nge2 Nf6 6. d3 O-O 7. O-O Nc6 8. f4
Bd7 9. h3 Rb8 10. Be3 b5 11. Qd2 b4 12. Nd1 a5 13. f5 Ne8 14. Bh6 Nc7 15. Bxg7
Kxg7 16. Ne3 Nd4 17. Nxd4 cxd4 18. Ng4 gxf5 19. exf5 f6 20. Qh6+ Kh8 21. Rae1
Rf7 22. Qf4 e5 23. fxe6 Nxe6 24. Qxd6 Qc7 25. Rxe6 Bxe6 26. Qxe6 Rb6 27. Qc4
Qxc4 28. dxc4 a4 29. c5 Rb8 30. Rxf6 Rxf6 31. Nxf6 b3 32. axb3 axb3 33. cxb3 d3
34. Kf2 Rxb3 35. Be4 Rxb2+ 36. Ke3 d2 37. Ke2 Kg7 38. c6 Rb8 39. c7 Rc8 40. Bf5
Rf8 41. Nh5+ Kh6 42. c8=Q Rxc8 43. Bxc8 Kxh5 44. Kxd2 Kg5 45. Bg4 h6 46. Ke3
Kg6 47. Ke4 Kg5 48. Bd7 h5 49. h4+ Kg6 50. Bc8 1-0

[Event "27. Torneo San Viator 2016"]
[Site "Madrid ESP"]
[Date "2016.10.09"]
[Round "3.14"]
[White "Padin Lazaro, Jose Manuel"]
[Black "Braziunaite, Rasa"]
[Result "1-0"]
[WhiteElo "1913"]
[BlackElo "1384"]
[PlyCount "61"]
[EventDate "2016.09.25"]
[EventType "swiss"]
[EventRounds "9"]
[EventCountry "ESP"]
[Source "lmi"]
[SourceDate "2016.09.25"]

1. e4 d6 2. d4 Nf6 3. Nc3 g6 4. Nf3 Bg7 5. Bc4 O-O 6. h3 c6 7. Bb3 b5 8. a3
Nbd7 9. O-O e5 10. Re1 Qc7 11. Bg5 Nb6 12. Qd2 Re8 13. Rad1 Be6 14. Bxe6 fxe6
15. dxe5 dxe5 16. Qd6 Qxd6 17. Rxd6 Nc4 18. Rxc6 a6 19. Bc1 Nd7 20. b3 Nb8 21.
Rc7 Nd6 22. Rd1 Nf7 23. Be3 Nd8 24. Rc8 Bf6 25. Bg5 Kf7 26. Bxf6 Kxf6 27. Rdxd8
Rxd8 28. Rxd8 Ke7 29. Rh8 h5 30. Nxe5 Kf6 31. Rxb8 1-0

[Event "27. Torneo San Viator 2016"]
[Site "Madrid ESP"]
[Date "2016.10.09"]
[Round "3.15"]
[White "Llases Gonzalez, Luis"]
[Black "Rosa Ramirez, Victor D"]
[Result "1-0"]
[WhiteElo "1734"]
[BlackElo "1903"]
[PlyCount "73"]
[EventDate "2016.09.25"]
[EventType "swiss"]
[EventRounds "9"]
[EventCountry "ESP"]
[Source "lmi"]
[SourceDate "2016.09.25"]

1. e4 e6 2. d3 d5 3. Nd2 Bc5 4. Ngf3 Nf6 5. e5 Nfd7 6. c3 O-O 7. g3 Bb6 8. Bg2
c5 9. O-O Nc6 10. Re1 a5 11. h4 h6 12. Nf1 Bc7 13. Bf4 Ne7 14. h5 Nc6 15. N1h2
f5 16. d4 Qe8 17. Nh4 Ne7 18. g4 g5 19. hxg6 Nxg6 20. Nxg6 Qxg6 21. Qd2 Kh7 22.
g5 Bd8 23. Re3 Rg8 24. Rg3 hxg5 25. Nf3 g4 26. Nh2 Bh4 27. Re3 Nb6 28. b3 c4
29. Kh1 Bd7 30. Rg1 cxb3 31. axb3 a4 32. Bh3 axb3 33. Bxg4 fxg4 34. Nxg4 Ra2
35. Qd1 Qe8 36. Nf6+ Bxf6 37. Rh3+ 1-0

[Event "27. Torneo San Viator 2016"]
[Site "Madrid ESP"]
[Date "2016.10.09"]
[Round "3.16"]
[White "Martinez Sanz, Ignacio"]
[Black "Barahona Torrijos, Angel"]
[Result "1/2-1/2"]
[WhiteElo "1705"]
[BlackElo "1848"]
[PlyCount "138"]
[EventDate "2016.09.25"]
[EventType "swiss"]
[EventRounds "9"]
[EventCountry "ESP"]
[Source "lmi"]
[SourceDate "2016.09.25"]

1. d4 Nf6 2. Nf3 c5 3. e3 cxd4 4. exd4 d5 5. Bd3 Nc6 6. c3 Bg4 7. Bf4 e6 8.
Nbd2 Bd6 9. Bg3 Nh5 10. Bxd6 Qxd6 11. h3 Nf4 12. Bf1 Bf5 13. Nb3 O-O 14. g3 Ng6
15. Bg2 e5 16. dxe5 Ngxe5 17. Nxe5 Qxe5+ 18. Qe2 Rfe8 19. Qxe5 Rxe5+ 20. Kd2
Rd8 21. Rae1 f6 22. f4 Rxe1 23. Rxe1 Be4 24. Bf1 f5 25. Ke3 Kf7 26. Rd1 h6 27.
Bd3 Re8 28. Kf2 g5 29. Bxe4 dxe4 30. Rd6 Rd8 31. Rxh6 gxf4 32. gxf4 Rd3 33.
Rh7+ Kg6 34. Rxb7 Rxh3 35. Rd7 Rf3+ 36. Ke2 Kh5 37. Rc7 Nd8 38. Nd4 Rxf4 39.
Rd7 Rh4 40. Ke3 Kg6 41. Rxd8 Rh2 42. Rd6+ Kg5 43. Ne6+ Kg4 44. Rd2 Rh3+ 45. Kd4
Rh6 46. Ke5 e3 47. Re2 Rxe6+ 48. Kxe6 f4 49. c4 Kf3 50. Rc2 e2 51. Rc1 Ke3 52.
c5 f3 53. c6 f2 54. c7 f1=Q 55. c8=Q e1=Q 56. Qc5+ Kf3+ 57. Rxe1 Qxe1+ 58. Qe5
Qc1 59. Qc3+ Qxc3 60. bxc3 Ke4 61. Kd6 Kd3 62. Kc5 Kxc3 63. a4 a5 64. Kb5 Kd4
65. Kxa5 Kc5 66. Ka6 Kc6 67. Ka7 Kc7 68. a5 Kc8 69. Ka8 Kc7 1/2-1/2

[Event "27. Torneo San Viator 2016"]
[Site "Madrid ESP"]
[Date "2016.10.09"]
[Round "3.17"]
[White "Magan Gonzalez, Alberto"]
[Black "Munoz Cebey, Ricardo"]
[Result "1/2-1/2"]
[WhiteElo "1829"]
[BlackElo "1758"]
[PlyCount "58"]
[EventDate "2016.09.25"]
[EventType "swiss"]
[EventRounds "9"]
[EventCountry "ESP"]
[Source "lmi"]
[SourceDate "2016.09.25"]

1. e4 c5 2. Nf3 g6 3. d4 cxd4 4. Nxd4 Nc6 5. Be3 Nf6 6. Nc3 Bg7 7. Bc4 O-O 8.
Bb3 a5 9. a4 Ng4 10. Nxc6 Nxe3 11. Nxd8 Nxd1 12. Nxd1 Rxd8 13. c3 Ra6 14. O-O
Rb6 15. Bc4 e6 16. Re1 Kf8 17. b3 d5 18. exd5 exd5 19. Bb5 Bd7 20. Bxd7 Rxd7
21. Rb1 Rc6 22. Re3 Rdc7 23. Rd3 Bxc3 24. Rxd5 Bb4 25. Ne3 Rc1+ 26. Rd1 Rxb1
27. Rxb1 Rd7 28. Rd1 Rxd1+ 29. Nxd1 Ke7 1/2-1/2

[Event "27. Torneo San Viator 2016"]
[Site "Madrid ESP"]
[Date "2016.10.09"]
[Round "3.18"]
[White "Camarero Izquierdo, Juan Carlo"]
[Black "Perez Perez, Diego Ii"]
[Result "0-1"]
[WhiteElo "1816"]
[BlackElo "1750"]
[PlyCount "48"]
[EventDate "2016.09.25"]
[EventType "swiss"]
[EventRounds "9"]
[EventCountry "ESP"]
[Source "lmi"]
[SourceDate "2016.09.25"]

1. d4 Nf6 2. Nc3 d5 3. Bg5 Nbd7 4. f3 c6 5. Qd3 h6 6. Bh4 e5 7. e4 exd4 8. Qxd4
Bc5 9. Qd2 Nxe4 10. fxe4 Qxh4+ 11. g3 Qe7 12. O-O-O Nf6 13. Kb1 dxe4 14. Bh3
Bxh3 15. Nxh3 Rd8 16. Qe2 Rxd1+ 17. Rxd1 O-O 18. g4 Bb4 19. g5 hxg5 20. Nxg5
Bxc3 21. bxc3 Rd8 22. Rf1 Qe5 23. Qg2 Qxc3 24. Rxf6 Rd1# 0-1

[Event "27. Torneo San Viator 2016"]
[Site "Madrid ESP"]
[Date "2016.10.09"]
[Round "3.19"]
[White "Escribano Serrano, Pedro"]
[Black "Zhou, Lulu"]
[Result "0-1"]
[WhiteElo "1787"]
[BlackElo "1746"]
[PlyCount "80"]
[EventDate "2016.09.25"]
[EventType "swiss"]
[EventRounds "9"]
[EventCountry "ESP"]
[Source "lmi"]
[SourceDate "2016.09.25"]

1. c4 e5 2. Nc3 g6 3. g3 Bg7 4. Bg2 f5 5. d3 Nf6 6. Nf3 d6 7. O-O O-O 8. Rb1 a5
9. Bd2 Nbd7 10. Qc1 Nc5 11. Bh6 Bd7 12. Bxg7 Kxg7 13. d4 exd4 14. Nxd4 Nfe4 15.
a3 a4 16. Qc2 Ng5 17. e3 Nf7 18. Rbd1 Ne5 19. Nce2 Rb8 20. Nf4 Re8 21. h4 h6
22. b4 axb3 23. Nxb3 Ba4 24. Rb1 Nxb3 25. Rxb3 b5 26. Bd5 Qd7 27. cxb5 Rxb5 28.
Qc3 Bxb3 29. Bxb3 Rbb8 30. Rc1 c5 31. Bd5 Kh7 32. Ra1 Qa4 33. Ne6 Rb6 34. f4
Rxe6 35. Bxe6 Ng4 36. h5 Qe4 37. hxg6+ Kxg6 38. Bg8 Qf3 39. Qe1 Rb2 40. Qf1
Qxg3+ 0-1

[Event "27. Torneo San Viator 2016"]
[Site "Madrid ESP"]
[Date "2016.10.09"]
[Round "3.20"]
[White "Perez Gonzalez, Daniel"]
[Black "Guillo Longares, Cecilia"]
[Result "0-1"]
[WhiteElo "1786"]
[BlackElo "1705"]
[PlyCount "110"]
[EventDate "2016.09.25"]
[EventType "swiss"]
[EventRounds "9"]
[EventCountry "ESP"]
[Source "lmi"]
[SourceDate "2016.09.25"]

1. Nf3 g6 2. g3 Bg7 3. Bg2 e5 4. d3 d6 5. O-O f5 6. Nbd2 Nf6 7. Re1 O-O 8. e4
f4 9. Nf1 fxg3 10. hxg3 Nc6 11. c3 d5 12. exd5 Nxd5 13. Qb3 Na5 14. Qa4 Nc6 15.
Qc4 Na5 16. Qc5 b6 17. Qa3 Nc6 18. Bg5 Qd7 19. Nh4 Bb7 20. b4 e4 21. dxe4 Nxc3
22. Rac1 Qd4 23. Re3 Nb5 24. Qb3+ Kh8 25. a4 Nd6 26. b5 Na5 27. Qc2 Nac4 28.
Rd3 Rxf2 29. Rxd4 Rxc2 30. Rxc4 Rxc4 31. Rxc4 Nxc4 32. Nf3 Bxe4 33. Bf4 Rf8 34.
Ng5 Bxg2 35. Kxg2 Be5 36. Ne6 Rf7 37. Bg5 Nb2 38. Ne3 Nxa4 39. Ng4 Bg7 40. Bf4
Nc5 41. Nxc7 Nd3 42. Bd6 Rd7 43. Ne8 Rd8 44. Nxg7 Rxd6 45. Ne8 Rd5 46. Nc7 Rc5
47. Ne6 Rxb5 48. Nh6 Rh5 49. Nf7+ Kg8 50. Nfd8 Rd5 51. Kf3 Nc5 52. Nc6 Rd3+ 53.
Ke2 Rxg3 54. Nxc5 bxc5 55. Nxa7 h5 0-1

[Event "27. Torneo San Viator 2016"]
[Site "Madrid ESP"]
[Date "2016.10.09"]
[Round "3.21"]
[White "Sanchez Gomez, Emiliano"]
[Black "Jimenez Elices, Jose Maria"]
[Result "1-0"]
[WhiteElo "1745"]
[BlackElo "1785"]
[PlyCount "87"]
[EventDate "2016.09.25"]
[EventType "swiss"]
[EventRounds "9"]
[EventCountry "ESP"]
[Source "lmi"]
[SourceDate "2016.09.25"]

1. e4 e6 2. d4 d5 3. e5 c5 4. c3 Nc6 5. Nf3 Qb6 6. Bd3 Nh6 7. dxc5 Bxc5 8. O-O
Ng4 9. Qe2 Qc7 10. Bf4 f6 11. Bb5 O-O 12. Bxc6 bxc6 13. Bg3 f5 14. Nd4 a5 15.
Rd1 Nh6 16. f4 Re8 17. Nd2 Ba6 18. Qe1 Ba7 19. Kh1 c5 20. N4f3 Rab8 21. b3 Red8
22. h3 d4 23. c4 Nf7 24. Qf2 Bb7 25. Ne1 d3 26. Qe3 Qc6 27. Ndf3 Qe4 28. Rxd3
Rxd3 29. Qxd3 Rd8 30. Qc3 Bb6 31. Rc1 g5 32. fxg5 Bc7 33. Qc2 Qc6 34. Rd1 Rxd1
35. Qxd1 Kg7 36. Qd3 a4 37. Qe3 axb3 38. axb3 Qe4 39. Qxc5 Bb8 40. Qe7 Qc6 41.
Qf6+ Kg8 42. g6 hxg6 43. Qxg6+ Kf8 44. Nd4 1-0

[Event "27. Torneo San Viator 2016"]
[Site "Madrid ESP"]
[Date "2016.10.09"]
[Round "3.22"]
[White "Yeves Miquel, Enrique"]
[Black "Campos Tores, Jose Luis"]
[Result "0-1"]
[WhiteElo "1827"]
[BlackElo "1829"]
[PlyCount "64"]
[EventDate "2016.09.25"]
[EventType "swiss"]
[EventRounds "9"]
[EventCountry "ESP"]
[Source "lmi"]
[SourceDate "2016.09.25"]

1. d4 g6 2. c4 Bg7 3. e4 d6 4. Nc3 Nf6 5. Nf3 O-O 6. Be2 e5 7. Be3 Nc6 8. d5
Ne7 9. Nd2 c6 10. O-O c5 11. a3 Ne8 12. b4 f5 13. f3 f4 14. Bf2 b6 15. bxc5
bxc5 16. Nb3 g5 17. Nxc5 dxc5 18. Bxc5 Qc7 19. Bf2 Bd7 20. c5 Rf6 21. d6 Nxd6
22. Nd5 Nxd5 23. cxd6 Rxd6 24. exd5 Be6 25. Rc1 Qd8 26. Bc4 Bxd5 27. Bxd5+ Rxd5
28. Qb3 Kh8 29. Qb7 Rd7 30. Qe4 Rc8 31. Rxc8 Qxc8 32. Bxa7 Rxa7 0-1

[Event "27. Torneo San Viator 2016"]
[Site "Madrid ESP"]
[Date "2016.10.12"]
[Round "4.1"]
[White "Nunez Miranda, Adrian"]
[Black "Quispe Arteaga, Gabriel"]
[Result "0-1"]
[WhiteElo "2143"]
[BlackElo "2270"]
[PlyCount "102"]
[EventDate "2016.09.25"]
[EventType "swiss"]
[EventRounds "9"]
[EventCountry "ESP"]
[Source "lmi"]
[SourceDate "2016.09.25"]

1. e4 c5 2. Nf3 Nc6 3. Bb5 e6 4. O-O Nge7 5. Re1 a6 6. Bf1 g6 7. c3 Bg7 8. d4
cxd4 9. cxd4 Qb6 10. Be3 Qxb2 11. d5 Qxa1 12. dxc6 Nxc6 13. Qd6 Bf8 14. Qd2 Bb4
15. Qc2 Bxe1 16. Nxe1 O-O 17. Nf3 Qg7 18. Qd2 Ne5 19. Nxe5 Qxe5 20. Bd4 Qd6 21.
e5 Qc6 22. Qf4 f5 23. exf6 d6 24. Qh6 Rf7 25. Nd2 e5 26. Bc4 Be6 27. Qg7+ Rxg7
28. Bxe6+ Rf7 29. Be3 Re8 30. Bxf7+ Kxf7 31. h4 d5 32. Nf3 Qxf6 33. Bc5 d4 34.
Ng5+ Kg8 35. Ne4 Qxh4 36. f3 Rc8 37. g3 Qxe4 38. fxe4 Rxc5 39. Kf2 Rc2+ 40. Kf3
a5 41. a4 Ra2 42. g4 Rxa4 43. g5 Ra3+ 44. Ke2 Rh3 45. Kd2 a4 46. Kc2 a3 47. Kb1
Rh2 48. Ka1 b5 49. Kb1 b4 50. Ka1 b3 51. Kb1 Rh1# 0-1

[Event "27. Torneo San Viator 2016"]
[Site "Madrid ESP"]
[Date "2016.10.12"]
[Round "4.2"]
[White "Sotoca Aguado, Jose"]
[Black "Unciti Juan, Javier"]
[Result "1/2-1/2"]
[WhiteElo "1900"]
[BlackElo "2110"]
[PlyCount "93"]
[EventDate "2016.09.25"]
[EventType "swiss"]
[EventRounds "9"]
[EventCountry "ESP"]
[Source "lmi"]
[SourceDate "2016.09.25"]

1. e4 e6 2. d4 d5 3. Nc3 Bb4 4. e5 b6 5. Qg4 Bf8 6. Be3 Qd7 7. Bd3 Ba6 8. Bxa6
Nxa6 9. Nge2 Nb4 10. Rc1 c5 11. O-O Nc6 12. f4 Nh6 13. Qh3 Nf5 14. Bf2 cxd4 15.
Nb5 Nxe5 16. Nbxd4 Nxd4 17. Nxd4 Nc6 18. f5 Nxd4 19. Bxd4 O-O-O 20. Rf3 Bd6 21.
c4 e5 22. c5 exd4 23. cxd6+ Kb8 24. Rc7 Qxd6 25. Rxf7 Rd7 26. Rxd7 Qxd7 27. Qg4
Re8 28. Qxd4 Re4 29. Qc3 Qe7 30. f6 gxf6 31. Rxf6 Qc5+ 32. Qxc5 bxc5 33. Kf2
Kc7 34. Rf7+ Kc6 35. Rxa7 d4 36. Rxh7 d3 37. Rh3 c4 38. Re3 Rf4+ 39. Ke1 Kc5
40. g3 Rf7 41. Re8 Rb7 42. Rc8+ Kd5 43. Rd8+ Ke4 44. Re8+ Kd5 45. Rd8+ Kc5 46.
Rc8+ Kd5 47. Rd8+ 1/2-1/2